| 000 | 01106nam a2200253 a 4500 | ||
|---|---|---|---|
| 001 | 000027113 | ||
| 005 | 20240320074001.0 | ||
| 008 | 110329s1995 dr 000 0cspa d | ||
| 040 |
_aDO-SdBNP _bspa _cBNPHU |
||
| 082 |
_a271.53 _bJ58s |
||
| 245 | 0 | 4 |
_aLos Jesuitas y el seminario Santo Tomás : _b50 años de presencia de jesuitas en el Seminario Pontificio Santo Tomás de Aquino (1946-1996) / _cJosé Luis Sáez, SJ. ; editor Rafael Bello Peguero. |
| 260 |
_aSanto Domingo : _bAmigo del Hogar, _c1995. |
||
| 300 |
_a122 p. : _b23 cm. |
||
| 504 | _aIncluye bibliografía y notas al pie de páginas. | ||
| 590 | _aInventariado, 2018/ YL | ||
| 610 | 2 | 4 |
_aSEMINARIO PONTIFICIO SANTO TOMÁS DE AQUINO _xHISTORIA _954189 |
| 650 | 4 |
_aJesuítas en república dominicana _92793 |
|
| 650 | 4 |
_aClero _xHistoria _zRepública Dominicana _954190 |
|
| 650 | 4 |
_aJesuítas _xHistoria _92794 |
|
| 650 | 4 |
_aEducación religiosa _xHistoria _zRepública Dominicana _924254 |
|
| 700 | 1 |
_a Sáez , José Luis _d1937- _9620 |
|
| 700 | 1 |
_aBello Peguero, Rafael, _d1932-2022 _eed. _92405 |
|
| 910 | _aValidado. Control de calidad EMS. | ||
| 999 |
_c26605 _d26605 |
||